Principles of management accounting Vol. 1

Na minha lista:
Detalhes bibliográficos
Autor principal: Maheshwari, S. N.
Outros Autores: Maheshwari, Sharad K.
Formato: Livro
Publicado em: New Delhi : Sultan Chand & Sons, 2006.
Edição:16th Rev. ed.
Assuntos:
Tags: Adicionar Tag
Sem tags, seja o primeiro a adicionar uma tag!

MARC

LEADER 00000nam a2200000 4500
020 |a 8180544494  |c TZS 113,112.44/= 
040 |a MUL  |b eng  |e AACR 
082 |a 658.1511 MAH 
100 |a Maheshwari, S. N. 
245 |a Principles of management accounting Vol. 1  |c / S. N. Maheshwari assisted by Sharad K. Maheshwari  
250 |a 16th Rev. ed. 
260 |a New Delhi :  |b Sultan Chand & Sons,   |c 2006. 
300 |a Various pagings :  |b ill. ;  |c 24 cm 
500 |a Includes references in each chapter 
546 |a eng 
650 |a Risk analysis 
650 |a Capital budgeting 
700 |a Maheshwari, Sharad K. 
942 |c BK 
999 |c 10195  |d 10195